| 000 | 00587aaa a2200193 4500 | ||
|---|---|---|---|
| 001 | 768714001 | ||
| 003 | CO-MdFUSB | ||
| 005 | 20260306195049.0 | ||
| 008 | 170519s1998 cr ||||| |||| 00| 0 spa d | ||
| 022 | _a1409-1968 | ||
| 040 |
_aCO-MdFUSB _bspa _cCO-MdFUSB _dCO-MdFUSB |
||
| 041 | _aspa | ||
| 100 | 1 |
_aGonzález, Diana (1963- ) _eautor |
|
| 245 | 1 | 3 |
_aLa capacidad de comunicarnos _c/ Diana González |
| 650 | _vComunicación | ||
| 773 | 0 |
_tApuntes Pastorales _049442 _983983 _gVolumen 16, número 1. (oct. - dic., 1998), páginas 82 _q Páginas 82 |
|
| 942 | _cANA | ||
| 945 | _aJTF-925 | ||
| 999 |
_c59063 _d59063 |
||